| 000 | 00364nam a22001217a 4500 | ||
|---|---|---|---|
| 082 | _a342.954106 | ||
| 100 | _aHassan, Masul-Ul | ||
| 245 |
_aManual of Civil Service Laws & Practice / _cMasul-Ul Hassan |
||
| 260 |
_aLahore : _bNational Law Reporter, _cN.D. |
||
| 300 |
_a1798 p. ; _c24cm. |
||
| 942 |
_2ddc _cBK |
||
| 999 |
_c540995 _d540995 |
||